| 000 | 00700nam a2200121Ia 4500 | ||
|---|---|---|---|
| 008 | 220620s9999||||xx |||||||||||||| ||und|| | ||
| 100 | _aBrintlinger, Angela | ||
| 245 | 0 |
_aChapaev and His Comrades _bWar and the Russian Literary Hero across the Twentieth Century |
|
| 546 | _aEnglish[eng] | ||
| 650 | _aArts||Literary Criticism||Aleksandr Tvardovsky||Moscow||Nikolay Nekrasov||Russian literature||Russians||Sergei Dovlatov||Soviet Union||Vasily Chapayev||World War II | ||
| 856 | _uhttps://library.oapen.org/bitstream/20.500.12657/30926/1/641416.pdf||https://library.oapen.org/bitstream/20.500.12657/30926/1/641416.pdf||https://library.oapen.org/bitstream/20.500.12657/30926/1/641416.pdf | ||
| 942 | _cEB | ||
| 999 |
_c24048 _d24048 |
||